[Event "Portugal Open Semirrapidas"]
[Site "Lisboa POR"]
[Date "2020.02.02"]
[Round "3.17"]
[White "SOUSA, Ludy"]
[Black "FRÓIS, António"]
[Result "1-0"]
[BlackElo "2357"]
[WhiteElo "2083"]
[LiveChessVersion "1.4.8"]

1. e4 {[%clk 0:15:07]} Nf6 {[%clk 0:15:07]} 2. e5 {[%clk 0:14:49]} Nd5
{[%clk 0:15:10]} 3. d4 {[%clk 0:14:54]} d6 {[%clk 0:15:13]} 4. c4
{[%clk 0:14:58]} Nb6 {[%clk 0:15:17]} 5. exd6 {[%clk 0:15:02]} cxd6
{[%clk 0:15:16]} 6. Nc3 {[%clk 0:15:03]} g6 {[%clk 0:15:02]} 7. Be3
{[%clk 0:14:58]} Bg7 {[%clk 0:15:05]} 8. b3 {[%clk 0:14:40]} O-O {[%clk 0:15:07]}
9. Rc1 {[%clk 0:14:44]} Nc6 {[%clk 0:14:58]} 10. d5 {[%clk 0:14:04]} Ne5
{[%clk 0:14:43]} 11. Be2 {[%clk 0:14:06]} a6 {[%clk 0:13:06]} 12. f4
{[%clk 0:13:45]} Ned7 {[%clk 0:13:08]} 13. Nf3 {[%clk 0:13:46]} Nf6
{[%clk 0:13:12]} 14. h3 {[%clk 0:13:28]} e6 {[%clk 0:13:17]} 15. dxe6
{[%clk 0:11:54]} Bxe6 {[%clk 0:13:20]} 16. O-O {[%clk 0:11:28]} Rc8
{[%clk 0:12:41]} 17. Nd4 {[%clk 0:10:47]} Re8 {[%clk 0:12:18]} 18. Qd2
{[%clk 0:10:37]} d5 {[%clk 0:12:10]} 19. c5 {[%clk 0:10:35]} Nbd7
{[%clk 0:12:11]} 20. b4 {[%clk 0:10:36]} Qe7 {[%clk 0:11:50]} 21. f5
{[%clk 0:09:31]} Bxf5 {[%clk 0:11:31]} 22. Nxf5 {[%clk 0:09:01]} gxf5
{[%clk 0:11:35]} 23. Bg5 {[%clk 0:08:42]} Qe5 {[%clk 0:10:51]} 24. Bf4
{[%clk 0:07:50]} Ne4 {[%clk 0:10:15]} 25. Nxe4 {[%clk 0:07:33]} Qxe4
{[%clk 0:10:18]} 26. Bd3 {[%clk 0:06:57]} Qd4+ {[%clk 0:09:50]} 27. Kh1
{[%clk 0:07:01]} Ne5 {[%clk 0:09:51]} 28. Bxf5 {[%clk 0:07:01]} Qxd2
{[%clk 0:09:52]} 29. Bxd2 {[%clk 0:07:04]} Rcd8 {[%clk 0:09:42]} 30. Bg5
{[%clk 0:07:01]} f6 {[%clk 0:09:19]} 31. Bh4 {[%clk 0:06:59]} Nc4
{[%clk 0:09:18]} 32. Rfe1 {[%clk 0:06:45]} Ne3 {[%clk 0:09:00]} 33. Bd3
{[%clk 0:06:46]} Rc8 {[%clk 0:08:28]} 34. a4 {[%clk 0:06:31]} Kf7
{[%clk 0:08:06]} 35. b5 {[%clk 0:06:29]} axb5 {[%clk 0:08:07]} 36. axb5
{[%clk 0:06:33]} Re6 {[%clk 0:07:30]} 37. Bf2 {[%clk 0:06:28]} d4
{[%clk 0:07:20]} 38. Bxh7 {[%clk 0:06:24]} Bf8 {[%clk 0:07:05]} 39. Bxe3
{[%clk 0:06:10]} Rxe3 {[%clk 0:07:07]} 40. Rxe3 {[%clk 0:05:35]} dxe3
{[%clk 0:07:10]} 41. c6 {[%clk 0:04:57]} bxc6 {[%clk 0:07:14]} 42. Bf5
{[%clk 0:04:39]} Rc7 {[%clk 0:06:45]} 43. bxc6 {[%clk 0:03:51]} Bb4
{[%clk 0:06:23]} 44. Bg4 {[%clk 0:03:49]} f5 {[%clk 0:06:21]} 45. Bf3
{[%clk 0:03:46]} Ke6 {[%clk 0:05:29]} 46. Kg1 {[%clk 0:03:48]} Bd6
{[%clk 0:05:02]} 47. Kf1 {[%clk 0:03:39]} Ra7 {[%clk 0:05:07]} 48. Ke2
{[%clk 0:03:34]} f4 {[%clk 0:05:02]} 49. Rc2 {[%clk 0:03:26]} Bc7
{[%clk 0:05:03]} 50. h4 {[%clk 0:03:30]} Kf6 {[%clk 0:04:39]} 51. Be4
{[%clk 0:03:21]} Ra4 {[%clk 0:04:25]} 52. Kf3 {[%clk 0:03:22]} Ra1
{[%clk 0:04:18]} 53. Bd3 {[%clk 0:02:58]} Rh1 54. Rb2 {[%clk 0:02:47]} Ke5
{[%clk 0:04:07]} 55. h5 {[%clk 0:02:42]} Kd4 {[%clk 0:03:29]} 56. Rb1
{[%clk 0:02:37]} Rxh5 {[%clk 0:03:18]} 57. Rb7 {[%clk 0:02:12]} Kxd3
{[%clk 0:01:33]} 58. Rxc7 {[%clk 0:02:15]} Rc5 {[%clk 0:01:29]} 59. Rd7+
{[%clk 0:02:16]} Kc4 {[%clk 0:01:30]} 60. c7 {[%clk 0:02:19]} Kb5
{[%clk 0:01:30]} 61. Rd5 {[%clk 0:02:22]} 1-0

[Event "Portugal Open Semirrapidas"]
[Site "Lisboa POR"]
[Date "2020.02.02"]
[Round "3.18"]
[White "LEKIĆ, Dušan"]
[Black "EGGERT, Alberto"]
[Result "0-1"]
[BlackElo "2092"]
[WhiteElo "2357"]
[LiveChessVersion "1.4.8"]

1. d4 {[%clk 0:15:07]} Nf6 {[%clk 0:15:09]} 2. c4 {[%clk 0:15:11]} e6
{[%clk 0:15:12]} 3. Nf3 {[%clk 0:15:14]} b6 {[%clk 0:15:16]} 4. g3
{[%clk 0:15:17]} Ba6 {[%clk 0:15:20]} 5. b3 {[%clk 0:15:18]} Bb4+
{[%clk 0:15:23]} 6. Bd2 {[%clk 0:15:21]} Bxd2+ {[%clk 0:15:26]} 7. Qxd2
{[%clk 0:15:07]} Bb7 {[%clk 0:15:25]} 8. Bg2 {[%clk 0:15:06]} Ne4
{[%clk 0:15:29]} 9. Qc2 {[%clk 0:15:05]} d5 {[%clk 0:15:32]} 10. Nbd2
{[%clk 0:14:09]} Nd7 {[%clk 0:15:22]} 11. Rc1 {[%clk 0:13:24]} c5
{[%clk 0:15:03]} 12. cxd5 {[%clk 0:12:58]} exd5 {[%clk 0:15:06]} 13. dxc5
{[%clk 0:12:30]} Ndxc5 {[%clk 0:14:57]} 14. b4 {[%clk 0:11:57]} Ne6
{[%clk 0:14:05]} 15. Qa4+ {[%clk 0:11:32]} Qd7 {[%clk 0:12:08]} 16. Qxd7+
{[%clk 0:11:00]} Kxd7 {[%clk 0:12:12]} 17. Ne5+ {[%clk 0:10:59]} Ke7
{[%clk 0:12:14]} 18. f3 {[%clk 0:10:02]} Nd6 {[%clk 0:10:55]} 19. f4
{[%clk 0:08:44]} Rac8 {[%clk 0:10:29]} 20. O-O {[%clk 0:07:23]} Nd4
{[%clk 0:09:30]} 21. Kf2 {[%clk 0:07:09]} f6 {[%clk 0:08:25]} 22. Nd3
{[%clk 0:06:55]} Ne4+ {[%clk 0:08:12]} 23. Nxe4 {[%clk 0:05:09]} dxe4
{[%clk 0:07:53]} 24. e3 {[%clk 0:05:11]} Nc2 {[%clk 0:04:02]} 25. Nc5
{[%clk 0:03:48]} Nxb4 {[%clk 0:03:20]} 26. a3 bxc5 {[%clk 0:02:58]} 27. axb4
{[%clk 0:02:44]} cxb4 {[%clk 0:03:02]} 28. Bh3 {[%clk 0:02:40]} Rc6
{[%clk 0:02:43]} 29. Rfd1 {[%clk 0:00:33]} Rd8 {[%clk 0:02:47]} 30. Rxc6
{[%clk 0:00:23]} Bxc6 31. Ra1 Ra8 {[%clk 0:02:30]} 32. Ra6 {[%clk 0:00:27]} Kd6
{[%clk 0:02:17]} 33. Bf5 {[%clk 0:00:30]} Re8 {[%clk 0:01:01]} 34. Rxa7
{[%clk 0:00:30]} b3 {[%clk 0:00:40]} 35. Ra1 {[%clk 0:00:32]} g6 {[%clk 0:00:37]}
36. Bg4 {[%clk 0:00:35]} Ra8 {[%clk 0:00:39]} 37. Rxa8 {[%clk 0:00:18]} Bxa8
{[%clk 0:00:41]} 38. Bd1 {[%clk 0:00:22]} Bd5 {[%clk 0:00:42]} 39. Ke1
{[%clk 0:00:23]} Kc5 {[%clk 0:00:47]} 40. Kd2 {[%clk 0:00:27]} Kb4
{[%clk 0:00:51]} 41. h4 {[%clk 0:00:20]} f5 {[%clk 0:00:49]} 42. g4
{[%clk 0:00:16]} Bc4 {[%clk 0:00:50]} 43. gxf5 {[%clk 0:00:08]} gxf5
{[%clk 0:00:54]} 0-1

[Event "Portugal Open Semirrapidas"]
[Site "Lisboa POR"]
[Date "2020.02.02"]
[Round "3.19"]
[White "MONTEIRO, Paulo"]
[Black "SAVANOVIĆ, Aleksandar"]
[Result "0-1"]
[BlackElo "2346"]
[WhiteElo "1849"]
[LiveChessVersion "1.4.8"]

1. e4 {[%clk 0:15:08]} e5 {[%clk 0:15:09]} 2. Nf3 {[%clk 0:15:11]} Nc6
{[%clk 0:15:13]} 3. Bb5 {[%clk 0:15:14]} a6 {[%clk 0:15:17]} 4. Bxc6
{[%clk 0:15:16]} dxc6 {[%clk 0:15:20]} 5. Nc3 {[%clk 0:15:19]} f6
{[%clk 0:15:22]} 6. d4 {[%clk 0:15:22]} exd4 {[%clk 0:15:25]} 7. Qxd4
{[%clk 0:15:25]} Qxd4 {[%clk 0:15:27]} 8. Nxd4 {[%clk 0:15:28]} Bd7
{[%clk 0:15:29]} 9. Be3 {[%clk 0:15:26]} O-O-O {[%clk 0:15:24]} 10. O-O-O
{[%clk 0:15:26]} Ne7 {[%clk 0:15:20]} 11. f4 Ng6 12. g3 {[%clk 0:14:39]} Re8
{[%clk 0:14:57]} 13. a3 {[%clk 0:14:14]} c5 {[%clk 0:14:29]} 14. Nb3
{[%clk 0:13:56]} b6 {[%clk 0:14:32]} 15. Rhe1 {[%clk 0:13:15]} h5
{[%clk 0:14:28]} 16. h4 {[%clk 0:12:49]} Bc6 {[%clk 0:12:31]} 17. Bf2
{[%clk 0:12:38]} Be7 {[%clk 0:12:21]} 18. Nd5 {[%clk 0:11:20]} Bd8
{[%clk 0:12:24]} 19. c4 {[%clk 0:08:51]} Rhf8 {[%clk 0:12:08]} 20. Rd3
{[%clk 0:08:16]} Nh8 {[%clk 0:12:11]} 21. Nd2 {[%clk 0:07:48]} Nf7
{[%clk 0:12:15]} 22. b4 {[%clk 0:07:12]} cxb4 {[%clk 0:11:45]} 23. axb4
{[%clk 0:07:15]} Kb7 {[%clk 0:11:38]} 24. Kb2 {[%clk 0:06:58]} Nd6
{[%clk 0:11:18]} 25. Kc3 {[%clk 0:05:51]} Rf7 {[%clk 0:11:08]} 26. Bd4
{[%clk 0:05:23]} Rd7 {[%clk 0:10:17]} 27. Bg1 {[%clk 0:04:30]} Nxc4
{[%clk 0:09:24]} 28. Nxc4 {[%clk 0:03:49]} Bxd5 {[%clk 0:09:21]} 29. Red1
{[%clk 0:03:48]} Rxe4 {[%clk 0:09:03]} 30. Rxd5 {[%clk 0:03:48]} Rxd5
{[%clk 0:09:06]} 31. Rxd5 {[%clk 0:03:51]} Be7 {[%clk 0:09:10]} 32. Rd7
{[%clk 0:03:48]} Kc6 {[%clk 0:09:02]} 33. Rd1 {[%clk 0:03:35]} Kb5
{[%clk 0:08:35]} 34. Rd5+ {[%clk 0:03:26]} Kc6 {[%clk 0:08:35]} 35. Rd4
{[%clk 0:03:20]} Re2 {[%clk 0:08:31]} 36. Rd2 {[%clk 0:02:56]} Rxd2
{[%clk 0:08:15]} 37. Nxd2 {[%clk 0:02:59]} Kb5 {[%clk 0:08:19]} 38. Ne4
{[%clk 0:02:49]} Bxb4+ {[%clk 0:08:21]} 39. Kb3 {[%clk 0:02:52]} a5
{[%clk 0:07:49]} 40. f5 {[%clk 0:02:43]} a4+ {[%clk 0:07:52]} 41. Kb2
{[%clk 0:02:35]} Kc4 {[%clk 0:07:55]} 42. g4 {[%clk 0:01:39]} hxg4
{[%clk 0:07:56]} 43. Bh2 {[%clk 0:01:43]} c6 {[%clk 0:07:48]} 44. h5
{[%clk 0:01:37]} Kd5 {[%clk 0:07:49]} 45. h6 {[%clk 0:01:26]} gxh6
{[%clk 0:07:42]} 46. Nxf6+ {[%clk 0:01:29]} Kd4 {[%clk 0:07:00]} 47. Nxg4
{[%clk 0:01:31]} Ke4 {[%clk 0:06:34]} 48. Nxh6 {[%clk 0:00:40]} Bf8
{[%clk 0:06:37]} 49. Ng4 {[%clk 0:00:36]} Kxf5 {[%clk 0:06:37]} 50. Ne3+
{[%clk 0:00:39]} Ke4 {[%clk 0:06:39]} 51. Nc2 {[%clk 0:00:39]} b5
{[%clk 0:06:39]} 52. Bc7 {[%clk 0:00:31]} b4 {[%clk 0:06:32]} 53. Ba5
{[%clk 0:00:33]} c5 {[%clk 0:06:36]} 54. Bb6 Kd3 {[%clk 0:06:15]} 55. Ne1+
{[%clk 0:00:25]} Ke2 {[%clk 0:06:12]} 56. Nc2 {[%clk 0:00:28]} Kd2
{[%clk 0:06:11]} 57. Ba5 {[%clk 0:00:24]} Bg7+ {[%clk 0:06:11]} 58. Kb1
{[%clk 0:00:28]} Bc3 {[%clk 0:05:50]} 59. Bb6 {[%clk 0:00:31]} b3
{[%clk 0:05:53]} 60. Na3 {[%clk 0:00:34]} Bb4 {[%clk 0:05:55]} 61. Nc4+
{[%clk 0:00:36]} Kc3 {[%clk 0:05:56]} 62. Ne3 {[%clk 0:00:28]} a3
{[%clk 0:05:59]} 63. Nd5+ {[%clk 0:00:25]} Kc4 {[%clk 0:06:02]} 64. Nxb4
{[%clk 0:00:27]} Kxb4 {[%clk 0:06:06]} 65. Bd8 {[%clk 0:00:29]} c4
{[%clk 0:06:08]} 66. Bf6 {[%clk 0:00:30]} c3 {[%clk 0:06:11]} 67. Be7+
{[%clk 0:00:32]} Ka4 {[%clk 0:06:14]} 68. Bf6 {[%clk 0:00:34]} a2+
{[%clk 0:06:16]} 69. Ka1 {[%clk 0:00:38]} c2 {[%clk 0:06:07]} 70. Bb2
{[%clk 0:00:40]} Kb4 {[%clk 0:06:11]} 71. Bc3+ {[%clk 0:00:36]} Kc4
{[%clk 0:06:13]} 72. Bb2 {[%clk 0:00:27]} Kd3 {[%clk 0:06:17]} 73. Bc1
{[%clk 0:00:30]} Ke2 {[%clk 0:06:10]} 74. Ba3 {[%clk 0:00:31]} Kd2
{[%clk 0:06:06]} 75. Bc1+ {[%clk 0:00:33]} Kd1 {[%clk 0:06:08]} 76. Ba3
{[%clk 0:00:36]} 0-1

[Event "Portugal Open Semirrapidas"]
[Site "Lisboa POR"]
[Date "2020.02.02"]
[Round "3.20"]
[White "GOLUCH, Piotr"]
[Black "FERNANDES, Alberto"]
[Result "1-0"]
[BlackElo "2082"]
[WhiteElo "2341"]
[LiveChessVersion "1.4.8"]

1. e4 {[%clk 0:15:07]} e5 {[%clk 0:15:08]} 2. Nf3 {[%clk 0:15:10]} Nc6
{[%clk 0:15:11]} 3. Bb5 {[%clk 0:15:10]} a6 {[%clk 0:15:15]} 4. Ba4
{[%clk 0:15:11]} Nf6 {[%clk 0:15:18]} 5. O-O {[%clk 0:15:14]} Be7
{[%clk 0:15:22]} 6. Re1 {[%clk 0:15:17]} b5 {[%clk 0:15:26]} 7. Bb3
{[%clk 0:15:21]} d6 {[%clk 0:15:27]} 8. c3 {[%clk 0:15:20]} O-O {[%clk 0:15:29]}
9. h3 {[%clk 0:15:22]} Na5 {[%clk 0:15:33]} 10. Bc2 {[%clk 0:15:25]} c5
{[%clk 0:15:37]} 11. d4 {[%clk 0:15:26]} Nd7 {[%clk 0:15:40]} 12. dxe5
{[%clk 0:15:20]} dxe5 {[%clk 0:15:42]} 13. Nbd2 {[%clk 0:15:21]} f6
{[%clk 0:15:41]} 14. Nf1 {[%clk 0:15:09]} Nb6 {[%clk 0:15:45]} 15. Qe2
{[%clk 0:15:11]} Be6 {[%clk 0:15:47]} 16. Ne3 {[%clk 0:15:05]} Qc7
{[%clk 0:14:55]} 17. Nd5 {[%clk 0:14:55]} Nxd5 {[%clk 0:14:07]} 18. exd5
{[%clk 0:14:58]} Bf7 {[%clk 0:14:04]} 19. b3 {[%clk 0:14:58]} c4 {[%clk 0:14:00]}
20. b4 {[%clk 0:14:56]} Nb7 {[%clk 0:14:03]} 21. Nh4 {[%clk 0:14:51]} Bxd5
{[%clk 0:13:42]} 22. Qh5 {[%clk 0:14:38]} g6 {[%clk 0:06:38]} 23. Nxg6
{[%clk 0:14:40]} Rf7 {[%clk 0:06:35]} 24. Nh4 {[%clk 0:14:37]} Kh8
{[%clk 0:06:08]} 25. Be3 {[%clk 0:14:00]} Rg7 {[%clk 0:04:44]} 26. Rad1
{[%clk 0:14:01]} Bf7 {[%clk 0:04:33]} 27. Qf3 {[%clk 0:14:00]} Nd6
{[%clk 0:04:33]} 28. Qxa8+ 1-0

[Event "Portugal Open Semirrapidas"]
[Site "Lisboa POR"]
[Date "2020.02.02"]
[Round "3.21"]
[White "ANTÓNIO, Luís"]
[Black "BUTKIEWICZ, Łukasz"]
[Result "0-1"]
[BlackElo "2294"]
[WhiteElo "1826"]
[LiveChessVersion "1.4.8"]

1. e4 {[%clk 0:15:08]} c5 {[%clk 0:14:59]} 2. Nf3 {[%clk 0:15:09]} e6
{[%clk 0:15:03]} 3. c3 {[%clk 0:15:13]} Nf6 {[%clk 0:15:05]} 4. d3
{[%clk 0:15:17]} Nc6 {[%clk 0:15:03]} 5. h3 d5 6. e5 {[%clk 0:15:10]} Nd7
{[%clk 0:14:56]} 7. d4 {[%clk 0:15:14]} Be7 {[%clk 0:14:43]} 8. Be2
{[%clk 0:15:14]} O-O {[%clk 0:14:45]} 9. O-O {[%clk 0:15:18]} f6 {[%clk 0:14:49]}
10. exf6 {[%clk 0:15:11]} Nxf6 {[%clk 0:14:53]} 11. Be3 {[%clk 0:15:10]} Ne4
{[%clk 0:14:53]} 12. Nbd2 {[%clk 0:15:13]} Bf6 {[%clk 0:14:43]} 13. dxc5
{[%clk 0:15:07]} Nxd2 {[%clk 0:14:38]} 14. Qxd2 {[%clk 0:15:07]} e5
{[%clk 0:14:40]} 15. Bg5 {[%clk 0:15:11]} Be6 {[%clk 0:14:43]} 16. b4
{[%clk 0:15:03]} h6 {[%clk 0:14:25]} 17. Bxf6 {[%clk 0:13:38]} Qxf6
{[%clk 0:14:29]} 18. Rad1 {[%clk 0:13:33]} Rad8 {[%clk 0:14:29]} 19. a4
{[%clk 0:13:16]} Ne7 {[%clk 0:14:28]} 20. Qb2 {[%clk 0:12:53]} Ng6
{[%clk 0:14:30]} 21. Nh2 {[%clk 0:12:25]} Nf4 {[%clk 0:14:29]} 22. Bg4
{[%clk 0:12:24]} h5 {[%clk 0:14:12]} 23. Bxe6+ {[%clk 0:12:24]} Qxe6
{[%clk 0:14:16]} 24. f3 {[%clk 0:12:15]} Qg6 {[%clk 0:14:11]} 25. Kh1
{[%clk 0:12:17]} Rf5 {[%clk 0:13:58]} 26. Qb1 {[%clk 0:12:10]} Qxg2# 0-1

[Event "Portugal Open Semirrapidas"]
[Site "Lisboa POR"]
[Date "2020.02.02"]
[Round "3.22"]
[White "GAHAN, M G"]
[Black "CORDEIRO, João"]
[Result "1-0"]
[BlackElo "1833"]
[WhiteElo "2292"]
[LiveChessVersion "1.4.8"]

1. e4 {[%clk 0:14:56]} e5 {[%clk 0:15:09]} 2. Nf3 {[%clk 0:15:00]} Nc6
{[%clk 0:15:13]} 3. d4 {[%clk 0:15:04]} exd4 {[%clk 0:15:16]} 4. Nxd4
{[%clk 0:15:08]} Bc5 {[%clk 0:15:20]} 5. Nxc6 {[%clk 0:15:08]} Qf6
{[%clk 0:15:09]} 6. Qd2 {[%clk 0:15:11]} dxc6 {[%clk 0:14:46]} 7. Nc3
{[%clk 0:15:14]} Ne7 {[%clk 0:14:23]} 8. Na4 {[%clk 0:15:18]} Bb6
{[%clk 0:14:18]} 9. Bd3 {[%clk 0:15:19]} Ng6 {[%clk 0:14:07]} 10. O-O
{[%clk 0:15:20]} O-O {[%clk 0:14:00]} 11. Nxb6 {[%clk 0:15:23]} axb6
{[%clk 0:13:49]} 12. f4 {[%clk 0:15:25]} Qd4+ {[%clk 0:13:36]} 13. Kh1
{[%clk 0:15:16]} c5 {[%clk 0:13:15]} 14. c3 {[%clk 0:15:18]} Qd7 {[%clk 0:12:45]}
15. Qe2 {[%clk 0:15:18]} Qe7 {[%clk 0:12:17]} 16. e5 {[%clk 0:14:44]} f6
{[%clk 0:11:57]} 17. Bc4+ {[%clk 0:14:12]} Kh8 {[%clk 0:11:57]} 18. exf6
{[%clk 0:13:43]} Qxf6 {[%clk 0:11:46]} 19. Bd2 {[%clk 0:13:46]} Bd7
{[%clk 0:11:37]} 20. Qh5 {[%clk 0:12:33]} Bc6 {[%clk 0:11:07]} 21. Rf2
{[%clk 0:11:54]} Qh4 {[%clk 0:10:39]} 22. Qxh4 {[%clk 0:11:53]} Nxh4
{[%clk 0:10:42]} 23. Kg1 {[%clk 0:11:40]} Rad8 {[%clk 0:10:28]} 24. Bf1
{[%clk 0:11:31]} Rd7 {[%clk 0:09:16]} 25. Be1 {[%clk 0:11:15]} Rfd8
{[%clk 0:08:46]} 26. Re2 {[%clk 0:11:17]} Ng6 {[%clk 0:08:10]} 27. g3
{[%clk 0:11:20]} Re7 {[%clk 0:06:04]} 28. Kf2 {[%clk 0:11:06]} Rxe2+
{[%clk 0:06:01]} 29. Bxe2 {[%clk 0:11:09]} Ne7 {[%clk 0:05:51]} 30. Rd1
{[%clk 0:11:07]} Rxd1 {[%clk 0:05:53]} 31. Bxd1 {[%clk 0:11:11]} Kg8
{[%clk 0:05:49]} 32. g4 {[%clk 0:11:09]} Nd5 {[%clk 0:05:41]} 33. Bd2
{[%clk 0:11:12]} b5 {[%clk 0:05:33]} 34. h4 {[%clk 0:11:03]} b4 {[%clk 0:05:19]}
35. cxb4 {[%clk 0:10:30]} Nxb4 {[%clk 0:05:14]} 36. Bc3 {[%clk 0:10:20]} Nd5
{[%clk 0:05:10]} 37. Be5 {[%clk 0:10:24]} b5 {[%clk 0:04:38]} 38. Bc2
{[%clk 0:10:13]} h6 {[%clk 0:04:35]} 39. g5 {[%clk 0:10:02]} hxg5
{[%clk 0:04:39]} 40. fxg5 {[%clk 0:10:05]} c4 {[%clk 0:04:23]} 41. a3
{[%clk 0:10:04]} b4 {[%clk 0:04:07]} 42. h5 {[%clk 0:09:56]} c3 {[%clk 0:03:59]}
43. h6 {[%clk 0:08:08]} cxb2 {[%clk 0:03:47]} 44. Bxb2 {[%clk 0:07:51]} bxa3
{[%clk 0:03:38]} 45. Bxg7 {[%clk 0:07:52]} Nb4 {[%clk 0:02:37]} 46. Bf5
{[%clk 0:07:44]} Bd7 {[%clk 0:00:39]} 47. Bxd7 {[%clk 0:07:34]} Nd3+
{[%clk 0:00:36]} 48. Ke3 {[%clk 0:07:37]} Nc5 {[%clk 0:00:39]} 49. Bc6
{[%clk 0:07:27]} a2 {[%clk 0:00:36]} 50. Bd5+ {[%clk 0:07:30]} Kh7
{[%clk 0:00:39]} 51. Bf7 {[%clk 0:07:30]} 1-0

[Event "Portugal Open Semirrapidas"]
[Site "Lisboa POR"]
[Date "2020.02.02"]
[Round "3.23"]
[White "SARKAR, Justin"]
[Black "COSTA, Hugo"]
[Result "1-0"]
[BlackElo "1826"]
[WhiteElo "2240"]
[LiveChessVersion "1.4.8"]

1. e4 c5 2. Nf3 d6 3. d4 cxd4 4. Nxd4 Nf6 5. Nc3 a6 6. Nb3 b5 7. a4 b4 8. Nd5 e6
9. Nxf6+ Qxf6 10. f4 Be7 11. Bd3 Qh4+ 12. g3 Qh3 13. Bf1 Qh6 14. a5 Qg6 15. Bg2
Bb7 16. Qe2 Nd7 17. f5 Qf6 18. e5 Nxe5 19. Bxb7 Ra7 20. Bxa6 Rxa6 21. Qxa6 Nf3+
22. Kf2 O-O 23. Kxf3 Qxf5+ 24. Kg2 Qxc2+ 25. Bd2 Qxb3 26. Qe2 Bf6 27. a6 Rc8 28.
Rhc1 Qd5+ 29. Kf2 Ra8 30. Be3 g6 31. Qf3 Qxf3+ 32. Kxf3 Bxb2 33. a7 d5 34. Rab1
d4 35. Rxb2 dxe3 36. Ra1 1-0

[Event "Portugal Open Semirrapidas"]
[Site "Lisboa POR"]
[Date "2020.02.02"]
[Round "3.24"]
[White "CHKHAIDZE, Nikoloz"]
[Black "CAMPORA, Daniel"]
[Result "1-0"]
[BlackElo "2367"]
[WhiteElo "2178"]
[LiveChessVersion "1.4.8"]

1. d4 {[%clk 0:15:07]} Nf6 {[%clk 0:15:09]} 2. Bf4 {[%clk 0:15:11]} d6
{[%clk 0:15:10]} 3. Nc3 {[%clk 0:15:12]} Nbd7 {[%clk 0:15:12]} 4. Nf3
{[%clk 0:15:15]} g6 {[%clk 0:15:13]} 5. e4 {[%clk 0:15:18]} Bg7 {[%clk 0:15:00]}
6. Qd2 {[%clk 0:15:22]} O-O {[%clk 0:15:02]} 7. Bh6 {[%clk 0:15:19]} e5
{[%clk 0:15:00]} 8. O-O-O {[%clk 0:14:39]} Qe7 {[%clk 0:14:32]} 9. h4
{[%clk 0:13:21]} c6 {[%clk 0:14:31]} 10. h5 {[%clk 0:12:10]} Nxh5
{[%clk 0:14:16]} 11. g4 {[%clk 0:12:05]} Nf4 {[%clk 0:14:08]} 12. Bxf4
{[%clk 0:11:47]} exf4 {[%clk 0:14:01]} 13. Qxf4 {[%clk 0:11:50]} Nf6
{[%clk 0:13:41]} 14. g5 {[%clk 0:11:04]} Nh5 {[%clk 0:13:35]} 15. Rxh5
{[%clk 0:11:01]} gxh5 {[%clk 0:13:38]} 16. Bd3 {[%clk 0:11:03]} f6
{[%clk 0:13:19]} 17. Rg1 {[%clk 0:08:21]} Bg4 {[%clk 0:12:43]} 18. Rxg4
{[%clk 0:04:13]} hxg4 {[%clk 0:12:39]} 19. Qxg4 {[%clk 0:04:18]} fxg5
{[%clk 0:12:14]} 20. e5 {[%clk 0:04:22]} Rf4 {[%clk 0:11:44]} 21. Qh5
{[%clk 0:03:03]} h6 {[%clk 0:11:46]} 22. exd6 {[%clk 0:02:06]} Qxd6
{[%clk 0:10:53]} 23. Bc4+ {[%clk 0:01:56]} Kh8 {[%clk 0:09:01]} 24. Nxg5
{[%clk 0:01:51]} Raf8 {[%clk 0:08:46]} 25. Nce4 {[%clk 0:00:56]} Rxe4
{[%clk 0:08:31]} 26. Nxe4 {[%clk 0:00:32]} Qf4+ {[%clk 0:08:22]} 27. Nd2
{[%clk 0:00:22]} Qxf2 {[%clk 0:07:41]} 28. c3 {[%clk 0:00:27]} Qe1+
{[%clk 0:07:38]} 29. Kc2 {[%clk 0:00:31]} Rf2 {[%clk 0:07:36]} 30. Kb3
{[%clk 0:00:09]} Qxd2 {[%clk 0:07:31]} 31. Qg6 {[%clk 0:00:07]} Qxb2+
{[%clk 0:07:29]} 1-0

[Event "Portugal Open Semirrapidas"]
[Site "Lisboa POR"]
[Date "2020.02.02"]
[Round "3.25"]
[White "SIMÕES, Miguel"]
[Black "QUINTINO, Luís"]
[Result "1-0"]
[BlackElo "1850"]
[WhiteElo "1923"]
[LiveChessVersion "1.4.8"]

1. e4 {[%clk 0:15:07]} d5 {[%clk 0:15:09]} 2. exd5 {[%clk 0:15:03]} Qxd5
{[%clk 0:15:12]} 3. Nc3 {[%clk 0:15:02]} Qa5 {[%clk 0:15:16]} 4. d4
{[%clk 0:14:49]} c6 {[%clk 0:15:20]} 5. Nf3 {[%clk 0:14:52]} Bg4 {[%clk 0:15:29]}
6. Be2 {[%clk 0:14:03]} Nf6 {[%clk 0:15:16]} 7. O-O {[%clk 0:13:49]} e6
{[%clk 0:15:20]} 8. Ne5 {[%clk 0:13:41]} Bxe2 {[%clk 0:15:21]} 9. Qxe2
{[%clk 0:13:44]} Nbd7 {[%clk 0:15:19]} 10. Bg5 {[%clk 0:13:03]} Bd6
{[%clk 0:13:52]} 11. f4 {[%clk 0:10:40]} O-O {[%clk 0:12:08]} 12. Nc4
{[%clk 0:09:48]} Qc7 {[%clk 0:12:11]} 13. Nxd6 {[%clk 0:09:45]} Qxd6
{[%clk 0:12:14]} 14. Rad1 {[%clk 0:09:42]} Rfe8 {[%clk 0:10:36]} 15. a3
{[%clk 0:09:30]} h6 {[%clk 0:09:35]} 16. Bxf6 {[%clk 0:09:02]} Nxf6
{[%clk 0:09:39]} 17. Ne4 {[%clk 0:09:04]} Nxe4 {[%clk 0:09:40]} 18. Qxe4
{[%clk 0:09:07]} Rad8 {[%clk 0:09:26]} 19. c3 {[%clk 0:09:03]} Qd5
{[%clk 0:08:41]} 20. Rfe1 {[%clk 0:08:05]} f6 {[%clk 0:07:44]} 21. Qg6
{[%clk 0:07:19]} e5 {[%clk 0:06:59]} 22. dxe5 {[%clk 0:06:21]} Qc5+
{[%clk 0:06:23]} 23. Kh1 {[%clk 0:06:09]} fxe5 {[%clk 0:06:00]} 24. Rxd8
{[%clk 0:05:58]} Rxd8 {[%clk 0:06:03]} 25. Qe6+ {[%clk 0:06:00]} Kh8
{[%clk 0:05:27]} 26. Qxe5 {[%clk 0:05:41]} Qf2 {[%clk 0:05:13]} 27. h3
{[%clk 0:05:08]} Rd2 {[%clk 0:05:05]} 28. Qe8+ {[%clk 0:04:46]} Kh7
{[%clk 0:05:08]} 29. Qe4+ {[%clk 0:04:49]} Kh8 {[%clk 0:05:12]} 30. f5
{[%clk 0:04:47]} Rxb2 {[%clk 0:04:49]} 31. Qe8+ {[%clk 0:04:50]} 1-0